Statistics for Anime Boys

Click here to take the quiz!

General Stats

  • This quiz has been taken 2,144 times
  • The average score is 6 of 18

Answer Stats

HintAnswer% Correct
Greatest detective in the worldL Lawliet
91%
Captain of the Straw Hat piratesMonkey D. Luffy
86%
One day wants to be HokageNaruto Uzumaki
86%
Killed his clan but spared his brotherItachi Uchiha
76%
Has an automail arm and legEdward Elric
58%
Exiled prince of BritanniaLelouch Lamperoughe
48%
His entire clan were killed for their red eyesKurapika
40%
Ate the Mera mera no Mi (the Flame Flame devil fruit)Portgas D. Ace
40%
Has white hair, controls ice and is a shinigamiToshiro Hitsugaya
19%
Has dog earsInuyasha
18%
When he becomes fuhrer wants all women to wear tinny mini skirtsRoy Mustang
15%
Turns into a dog when hugged by a girlShigure Sohma
13%
Has a cross shaped scar on his left checkKenshin Himora
11%
Has a 60,000,000,000$$ bountyVash the Stampede
11%
An assassin known as Black CatTrain Heartnet
8%
Leader of the Ouran High School Host ClubTamiki Suoh
4%
A wizard who tries to escape his on world by traveling to parallel worlds with some friends looking for a girl's lost feathers.Fay D. Flourite
3%
King of BanditsJing
3%

Score Distribution

Percentile by Number Answered

Percent of People with Each Score

Your Score History

You have not taken this quiz